| 000 | 00702nam a2200229 a 4500 | ||
|---|---|---|---|
| 001 | BRL_1295 | ||
| 005 | 20190320211131.0 | ||
| 008 | 020114t1967----mx-oe#####---#000-0#spa-# | ||
| 041 | _aspa | ||
| 044 | _amx | ||
| 050 | 4 |
_aN910.M37 _b.I57 1967 |
|
| 110 | 2 |
_aInstituto Nacional de Antropología e Historia (México _926414 |
|
| 245 | 1 | 0 | _aEl Museo de las Culturas, 1865-1866, 1965-1966 |
| 260 |
_aMéxico, D.F. _bINAH : SEP _c[1967] |
||
| 300 |
_a250 p. _bil., planos, láminas _c32 cm. |
||
| 440 | 0 |
_aI.N.A.H. Memorias _v14 _926415 |
|
| 500 | _aAu1523 | ||
| 610 | 2 | 4 |
_aMuseo Nacional de las Culturas (Ciudad de México) _926416 |
| 650 | 1 | 4 |
_aMuseos _zMéxico _93716 |
| 902 | _aGRL | ||
| 942 |
_2lcc _cB |
||
| 999 |
_c10107 _d10107 |
||